Personnages Harry Potter avec indice - Statistiques

Statistiques générales
  • Ce quiz a été pris 107 fois
  • Le résultat moyen est 10 sur 15
Statistiques - réponses
Mot indice Réponse % Correct
Cicatrice Harry Potter
100%
Retourneur de temps Hermione Granger
89%
Prisonnier Sirius Black
89%
Sans nez Voldemort
89%
Baguette du Sureau Albus Dumbledore
83%
Loup garou Remus Lupin
82%
Boucle d’oreille radis Luna Lovegood
76%
Chouette Hedwige
74%
Bal avec Cedric Cho Chang
69%
Loup garou mangemort Fenrir Greyback
55%
Première fille Ginny Weasley
55%
Rire bizarre Bellatrix Lestrange
37%
Rat Peter Pettigrew
30%
Pomme verte Draco Malefoy
29%
Métamorphose Nyphadora Tonks
14%
Aucun quiz correspondant
Distribution des résultats
% des personnes avec chaque résultat
Percentile par nombre de réponses
Votre historique - résultats
Vous n’avez pas pris ce quiz